Quarks and leptons : An introductory course in modern particle physics
This self-contained text describes breakthroughs in our understanding of the structure and interactions of elementary particles. It provides students of theoretical or experimental physics with the background material to grasp the significance of these developments.
Đã lưu trong:
| Tác giả chính: | |
|---|---|
| Định dạng: | Sách |
| Ngôn ngữ: | Undetermined |
| Được phát hành: |
New York
Wiley
1984
|
| Những chủ đề: | |
| Các nhãn: |
Thêm thẻ
Không có thẻ, Là người đầu tiên thẻ bản ghi này!
|
| Thư viện lưu trữ: | Trung tâm Học liệu Trường Đại học Cần Thơ |
|---|
| LEADER | 00981nam a2200229Ia 4500 | ||
|---|---|---|---|
| 001 | CTU_236368 | ||
| 008 | 210402s9999 xx 000 0 und d | ||
| 082 | |a 539.721 | ||
| 082 | |b H197 | ||
| 100 | |a Halzen, Francis | ||
| 245 | 0 | |a Quarks and leptons : | |
| 245 | 3 | |b An introductory course in modern particle physics | |
| 245 | 0 | |c Francis Halzen, Alan D. Martin. | |
| 260 | |a New York | ||
| 260 | |b Wiley | ||
| 260 | |c 1984 | ||
| 520 | |a This self-contained text describes breakthroughs in our understanding of the structure and interactions of elementary particles. It provides students of theoretical or experimental physics with the background material to grasp the significance of these developments. | ||
| 526 | |a TNL610 | ||
| 650 | |a Leptons (Vật lý hạt nhân),Leptons (Nuclear physics),Particles (nuclear physics),Các hạt (vật lý hạt nhân) | ||
| 904 | |i Qhieu | ||
| 910 | |a Tuyến | ||
| 980 | |a Trung tâm Học liệu Trường Đại học Cần Thơ | ||